00850nam a2200229Ia 4500003000900000008004100009040001300050040001300063041000800076100002200084245005600106250001000162260007600172260000900248300000900257300001100266490000600277600011500283942000700398999001700405952019800422IT-RoPAU120407s9999 xx 000 0 und d aIT-RoPAU cIT-RoPAU aita aGabriele Russotto aSan Giovanni di Dio e il suo ordine ospedaliero ... aRoma  aEdiz. dell’Ufficio formazione e studi dei Fatebene fratelli (Scalia) c1969 btav. c24 cm v1 a"1. - I Frati di San Giovanni di Dio. 2 Giovanni (San ) di Dio 271 BNI 69-9229" cBK c13661d13661 00102ddc406922_00000000000000071aPAULUSbPAULUSd2012-04-11l0o922.0r2012-04-11 00:00:00w2012-04-11yBKzInserito da: Mario In data: 02 settembre 2011 fondo: Via A.Severo 56 Progr:31865